000 00484nam a2200169 i 4500
001 100783
003 ES-MaACL
005 20230906182742.0
007 t|
008 051005s1970 sp ||||1| spa d
100 1 _aMatt, Peter.
_979107
245 1 0 _aDiccionario de ciencias ocultas /
_cPeter Matt; [traducción: L. Sureda].
260 _aBarcelona :
_bTyris,
_c1970.
300 _a144 p. ;
_c18 cm.
700 1 _aSureda, Leoncio.
_9108817
852 _aES-MaACL
_jC-47678
_bR.74603
999 _c100783
_d100783